Shakespearean Characters - Statistics

General Stats
  • This quiz has been taken 37,679 times
  • The average score is 11 of 20
Answer Stats
Hint Character % Correct
Star-crossed lovers Juliet
99%
Star-crossed lovers Romeo
99%
Prince of Denmark Hamlet
91%
Scottish lady who couldn't get a spot out Lady MacBeth
83%
Was told to beware the Ides of March Julius Caesar
80%
King with three daughters: Goneril, Regan, and Cordelia King Lear
69%
Moorish general / husband of Desdemona Othello
68%
Hunchbacked king Richard III
61%
Love interest of the above; Went mad and was told "get thee to a nunnery" Ophelia
53%
Friends, Romans, countrymen, lend him your ears Mark Antony
48%
Rosencrantz's compatriot Guildenstern
45%
Plots the downfall of the above Iago
43%
Alas, this poor jester's skull became a prop Yorick
41%
"A pox on both your houses", he said Mercutio
40%
Moneylender who demanded a pound of flesh Shylock
40%
Midsummer's fairy king Oberon
37%
Prince of Denmark's usurping uncle Claudius
26%
Shipwrecked sorceror Prospero
24%
Fat knight who courts two merry wives Falstaff
23%
Heiress whose suitors play "Let's Make a Deal" Portia
11%
No matching quizzes found
Score Distribution
Percent of People with Each Score
Percentile by Number Answered
Your Score History
You have not taken this quiz